The Shifts in Hizbullah's Ideology (Record no. 66863)
[ view plain ]
| 000 -LEADER | |
|---|---|
| fixed length control field | 01846nam a2200253Ii 4500 |
| 008 - FIXED-LENGTH DATA ELEMENTS--GENERAL INFORMATION | |
| fixed length control field | 221202s xx 000 0 und d |
| 100 1# - MAIN ENTRY--PERSONAL NAME | |
| Personal name | Alagha, Joseph, |
| Relator term | author |
| 245 #4 - TITLE STATEMENT | |
| Title | The Shifts in Hizbullah's Ideology |
| 246 ## - VARYING FORM OF TITLE | |
| Title proper/short title | Religious Ideology, Political Ideology, and Political Program |
| 264 ## - PRODUCTION, PUBLICATION, DISTRIBUTION, MANUFACTURE, AND COPYRIGHT NOTICE | |
| Name of producer, publisher, distributor, manufacturer | Amsterdam University Press |
| Date of production, publication, distribution, manufacture, or copyright notice | 2006 |
| 300 ## - PHYSICAL DESCRIPTION | |
| Extent | 1 online resource (380 pages) |
| 336 ## - CONTENT TYPE | |
| Content type term | text |
| Content type code | txt |
| Source | rdacontent |
| 337 ## - MEDIA TYPE | |
| Media type term | computer |
| Media type code | c |
| Source | rdamedia |
| 338 ## - CARRIER TYPE | |
| Carrier type term | online resource |
| Carrier type code | cr |
| Source | rdacarrier |
| 490 ## - SERIES STATEMENT | |
| Series statement | ISIM Dissertations |
| 520 ## - SUMMARY, ETC. | |
| Summary, etc. | The Lebanese Shi'ite resistance movement, Hizbullah, is going through a remarkable political and ideological transformation. Hizbullah was founded in 1978 by various sectors of Lebanese Shi'ite clergy and cadres, and with Iranian backing as an Islamic movement protesting against social and political conditions. Over the years 1984/85 to 1991, Hizbullah became a full-fledged social movement in the sense of having a broad overall organization, structure, and ideology aiming at social change and social justice, as it claimed. Starting in 1992, it became a mainstream political party working within the narrow confines of its pragmatic political program. The line of argument in this dissertation is that Hizbullah has been adjusting its identity in the three previously mentioned stages by shifting emphasis among its three components: (1) from propagating an exclusivist religious ideology (2) to a more encompassing political ideology, and (3) to a down-to-earth political program. |
| 653 ## - INDEX TERM--UNCONTROLLED | |
| Uncontrolled term | Hizbullah'S Ideology |
| 653 ## - INDEX TERM--UNCONTROLLED | |
| Uncontrolled term | Islamic State |
| 653 ## - INDEX TERM--UNCONTROLLED | |
| Uncontrolled term | Israel And Us |
| 653 ## - INDEX TERM--UNCONTROLLED | |
| Uncontrolled term | Martyrdom |
| 653 ## - INDEX TERM--UNCONTROLLED | |
| Uncontrolled term | Wetenschap Algemeen |
| 856 ## - ELECTRONIC LOCATION AND ACCESS | |
| Uniform Resource Identifier | <a href="https://library.oapen.org/bitstream/20.500.12657/34568/1/406971.pdfhttp://library.oapen.org/handle/20.500.12657/34568">https://library.oapen.org/bitstream/20.500.12657/34568/1/406971.pdfhttp://library.oapen.org/handle/20.500.12657/34568</a> |
| 942 ## - ADDED ENTRY ELEMENTS (KOHA) | |
| Koha item type | E-Book |
| Withdrawn status | Damaged status | Not for loan | Home library | Current library | Date acquired | Total Checkouts | Date last seen | Price effective from | Koha item type |
|---|---|---|---|---|---|---|---|---|---|
| Directory of Open Access Books | Directory of Open Access Books | 11/28/2022 | 11/28/2022 | 11/28/2022 | E-Book |